Códigos ISO de las provincias españolas - Estadísticas

Estadísticas generales
  • Esta prueba ha sido intentada 363 veces
  • La puntuación promedio es 19 de 52
Estadísticas de respuestas
Provincia Código % Correcto
A Coruña​ ES-{C}
89%
Alacant ES-{A}
85%
Almería ES-{AL}
82%
Barcelona ES-{B}
81%
Ávila ES-{AV}
80%
Badajoz ES-{BA}
80%
Burgos ES-{BU}
77%
Albacete ES-{AB}
75%
Cádiz ES-{CA}
74%
Bizkaia ES-{BI}
70%
Cáceres ES-{CC}
65%
Córdoba ES-{CO}
59%
Ciudad Real ES-{CR}
59%
Cuenca ES-{CU}
57%
Castelló ES-{CS}
52%
Girona ES-{GI}
48%
Granada ES-{GR}
48%
Guadalajara ES-{GU}
45%
Huelva ES-{H}
45%
Huesca ES-{HU}
40%
Cantabria ES-{S}
39%
Jaén ES-{J}
38%
Asturias ES-{O}
38%
Araba ES-{VI}
31%
Gipuzkoa ES-{SS}
27%
Madrid ES-{M}
26%
Lleida ES-{L}
23%
León ES-{LE}
22%
La Rioja ES-{LO}
22%
Lugo ES-{LU}
21%
Balears ES-{PM}
21%
Málaga ES-{MA}
20%
Murcia ES-{MU}
18%
Nafarroa ES-{NA}
14%
Palencia ES-{P}
14%
Pontevedra ES-{PO}
13%
Salamanca ES-{SA}
13%
Las Palmas ES-{GC}
12%
Ourense ES-{OR}
12%
Sevilla ES-{SE}
11%
Tarragona ES-{T}
11%
Soria ES-{SO}
10%
València ES-{V}
10%
Valladolid ES-{VA}
10%
Zaragoza ES-{Z}
10%
Ceuta ES-{CE}
9%
Teruel ES-{TE}
9%
Toledo ES-{TO}
9%
Zamora ES-{ZA}
9%
Melilla ES-{ML}
8%
Segovia ES-{SG}
7%
Santa Cruz de Tenerife ES-{TF}
5%
No se encontraron pruebas coincidentes
Distribución de puntuación
Porcentaje de gente con cada puntuación
Porcentaje por número respondido
Historial de tus puntuaciones
No has intentado esta prueba.